[Event "Llinars del Valles op 4th"]
[Site "Llinars del Valles"]
[Date "2024.06.25"]
[Round "1"]
[White "Montilla Rodriguez, Ashton"]
[Black "Escribano Rodriguez, Pedro"]
[Result "0-1"]
[WhiteElo "1473"]
[BlackElo "1892"]
[PlyCount "82"]
[EventDate "2024.06.25"]
[EventType "swiss"]
[EventRounds "9"]
[EventCountry "ESP"]
[SourceTitle "CBM 221 Extra"]
[Source "ChessBase"]
[SourceDate "2024.09.30"]
[SourceVersion "1"]
[SourceVersionDate "2024.09.30"]
[SourceQuality "1"]

1. e4 b6 2. d4 Bb7 3. Nc3 e6 4. Nf3 Bb4 5. Bd3 Ne7 6. 0-0 Ng6 7. a3 Be7 8. Be3 0-0 9. Re1 d6 10. Qe2 Nd7 11. Rad1 a6 12. h3 e5 13. d5 Nh4 14. Nxh4 Bxh4 15. Qg4 Bf6 16. Rf1 g6 17. Bh6 Bg7 18. Bg5 Qe8 19. f4 exf4 20. Rxf4 f6 21. Bh4 g5 22. Bxg5 fxg5 23. Rxf8+ Nxf8 24. Qxg5 Qe5 25. Qg4 Ng6 26. Rf1 Rf8 27. Rxf8+ Nxf8 28. Qe2 Qg3 29. Qf1 Bd4+ 30. Kh1 Be5 31. Qg1 Qg7 32. Qf1 Qg5 33. Be2 Bc8 34. Qf2 Ng6 35. Qf1 Qg3 36. Qg1 Nh4 37. Bf1 Qg7 38. Qf2 Ng6 39. Qg1 Qf6 40. Qe3 Qxf1+ 41. Qg1 Qxg1+ 0-1